Analiz chozjajstvennoj dejatel'nosti sel'skochozjajstvennych preprijatij

Salvato in:
Dettagli Bibliografici
Autore principale: Zavgorodnij, Vitalij Ivanovič
Altri autori: Malofejev, Timofej Jevdokimovič, Trubilin, Ivan Timofejevič
Natura: Libro
Lingua:russo
Pubblicazione: Moskva Agromizdat 1987
Edizione:3. pererab. i dopoln. izd.
Tags: Aggiungi Tag
Nessun Tag, puoi essere il primo ad aggiungerne!!

MARC

LEADER 00000nam a2200000 4500
001 c023976
005 20230221104742.9
041 0 |a rus 
044 |a RU 
245 1 0 |a Analiz chozjajstvennoj dejatel'nosti sel'skochozjajstvennych preprijatij  |c Vitalij Ivanovič Zavgorodnij, Timofej Jevdokimovič Malofejev, Ivan Timofejevič Trubilin 
250 |a 3. pererab. i dopoln. izd. 
264 1 |a Moskva  |b Agromizdat  |c 1987 
300 |a 365 s. 
100 1 |a Zavgorodnij, Vitalij Ivanovič 
700 1 |a Malofejev, Timofej Jevdokimovič 
700 1 |a Trubilin, Ivan Timofejevič